000 00448nam a2200181Ia 4500
008 221030s9999 xx 000 0 und d
020 _a0074632256
041 _aEnglish
082 _a105.23
_bKha
100 _aM. Y. Khan
245 0 _aFinancial Mangement : Text & Problems
_cby M. Y. Khan, P. K. Jain
250 _a3rd
260 _bTMH
_aNew Delhi
_c2003
300 _a20.20
650 _aBE Management
700 _aP. K. Jain
942 _cBK
999 _c5924
_d5924